Ballon d'Or Winners in 21C - Sudden Death - Statistics

General Stats
  • This quiz has been taken 260 times
    33 since last reset
  • The average score is 10 of 13
Answers on the Grid
Answers color-coded by a green-red scale on the quiz's grid according to % correct below.
Andrés Iniesta
Andriy Shevchenko
Antoine Griezmann
Cristiano Ronaldo
David Beckham
Erling Haaland
Fabio Cannavaro
Frank Lampard
Gianluigi Buffon
Kaká
Karim Benzema
Kevin De Bruyne
Kylian Mbappé
Lamine Yamal
Lionel Messi
Luka Modric
Michael Owen
Neymar
Oliver Kahn
Ousmane Dembélé
Paolo Maldini
Pavel Nedvěd
Raúl
Robert Lewandowski
Rodri
Ronaldinho
Ronaldo
Steven Gerrard
Thierry Henry
Vinícius Júnior
Virgil van Dijk
Xavi Hernandez
 
Answer Stats
Answer % Correct
Cristiano Ronaldo
92%
Luka Modric
88%
Lionel Messi
83%
Ousmane Dembélé
83%
Rodri
83%
Karim Benzema
79%
Ronaldinho
79%
Kaká
75%
Ronaldo
75%
Andriy Shevchenko
71%
Fabio Cannavaro
71%
Michael Owen
71%
Pavel Nedvěd
71%
No matching quizzes found
Score Distribution
Percent of People with Each Score
Percentile by Number Answered
Your Score History
You have not taken this quiz since the last reset